El caso Awas Tingni : derechos humanos entre lo local y lo global /
Furkejuvvon:
| Eará dahkkit: | |
|---|---|
| Materiálatiipa: | Elektrovnnalaš E-girji |
| Giella: | espánnjágiella |
| Almmustuhtton: |
Bilbao :
Universidad de Deusto,
2013.
|
| Ráidu: | Serie Derechos humanos (Bilbao, Spain) ;
v. 19. Forum Deusto (Series) |
| Fáttát: | |
| Liŋkkat: | Digitalia Hispánica |
| Fáddágilkorat: |
Lasit fáddágilkoriid
Eai fáddágilkorat, Lasit vuosttaš fáddágilkora!
|
MARC
| LEADER | 00000nam a2200000Ii 4500 | ||
|---|---|---|---|
| 001 | DIGDEU0190 | ||
| 003 | NyNyDIG | ||
| 008 | 221229s2013 sp a o 000 0 spa d | ||
| 006 | m o d | ||
| 007 | cr ||||||||||| | ||
| 035 | |a (OCoLC)1367360129 | ||
| 040 | |a DGITA |b eng |e rda |e pn |c DGITA | ||
| 020 | |a 9788498304176 |q eBook | ||
| 020 | |z 9788415759010 | ||
| 043 | |a ncnq--- | ||
| 050 | 1 | 4 | |a F1525.2.S8 ebook |
| 245 | 0 | 3 | |a El caso Awas Tingni : |b derechos humanos entre lo local y lo global / |c Felipe Gomez Isa (dir.) |
| 264 | 1 | |a Bilbao : |b Universidad de Deusto, |c 2013. | |
| 300 | |a 1 online resource : |b illustrations. | ||
| 336 | |a text |b txt |2 rdacontent | ||
| 337 | |a computer |b c |2 rdamedia | ||
| 338 | |a online resource |b cr |2 rdacarrier | ||
| 347 | |a text file |2 rdaft | ||
| 347 | |b PDF | ||
| 490 | 1 | |a Serie Derechos Humanos ; |v vol. 19 | |
| 588 | 0 | |a Online resource; title from PDF title page (Digitalia, viewed December 29, 2022) | |
| 650 | 0 | |a Sumo Indians |x Land tenure. | |
| 650 | 0 | |a Sumo Indians |x Civil rights. | |
| 650 | 0 | |a Sumo Indians |x Government relations. | |
| 650 | 0 | |a Human rights |z Nicaragua. | |
| 651 | 0 | |a Nicaragua |x Politics and government. | |
| 700 | 1 | |a Gómez Isa, Felipe, |e editor. | |
| 791 | 2 | |a Digitalia (Firm), |e distributor. | |
| 793 | 0 | |g Digitalia eBook Collection: |a Universidad de Deusto | |
| 776 | 0 | 8 | |i Print version: |t Caso Awas Tingni. |d Bilbao : Universidad de Deusto, [2013] |z 9788415759010 |
| 830 | 0 | |a Serie Derechos humanos (Bilbao, Spain) ; |v v. 19. | |
| 830 | 0 | |a Forum Deusto (Series) | |
| 856 | 4 | 0 | |3 Digitalia Hispánica |u https://digitalia.unach.elogim.com/a/45113/ |
| 910 | |a Premium collection: 2022 | ||